000 00899cam a2200217 4500
001 WB3642-04
008 000000n2000 000 0 eng u
035 _a(Sirsi) u108954
245 _aFlexible office space
260 _c2000
490 _aEvening Standard
_v23 October 2000, 76(1)
520 _aA new type of serviced office with full IT facilities, additonal space and flexible leases is emerging to satisfy occupiers' changing needs. The operator, Corpnex, is offering a new-style leasing package which enables companies to change the length of time and amount of space as necessary.
590 _aWB
650 _aOFFICE SPACE
650 _aPROPERTY-COMMERCIAL PROPERTY-OFFICE PROPERTY-OFFICE PROPERTY MARKET
650 _aFLEXIBLE LEASES
650 _aOCCUPIERS
650 _aSERVICED OFFICES
690 _aPROPERTY-COMMERCIAL PROPERTY-COMMERCIAL PROPERTY MARKET
942 _n0
999 _c65062
_d65062